000 00535cam a22001457a 4500
008 180718b1961 xxu||||| |||| 00| 0 eng d
082 _aB3x561 In7
100 _aWatters, David M.
245 _aSiyasi Kuvvet Karsisinda idare
_cby David M. Watters and Dutheillet de Lamothe
260 _aAnkara
_bInstitute of Public Administration for Turkey and the Middle East
_c1961
300 _a13 pts in 1
500 _a(Part of the pamphlets bound to gather)
650 _aPublic Administration - Administration
700 _aLamothe, Dutheillet
999 _c370711
_d370711